000 00307nam a2200121Ia 4500
008 191201s2004 xx 000 0 und d
100 _aGROVER, J M
245 0 _aSpinning Tablet III Draw Frames
260 _aN.Delhi
_bThe Textile Association
_c2004
300 _a18
650 _aB.Tech(TE)
942 _2ddc
_cBK
999 _c3441
_d3441